000 00302cam a2200121ua 4500
082 _a821
_bPEA/EN
100 _aPeacock, W .
_91825
245 _aEnglish Verse, Vol - 5 /
260 _aLondon :
_bOxford University Press ,
_c1963.
300 _a531 ; .
490 0 _aThe World`s Classics,
942 _cBK
999 _c4977
_d4977